000
00236 a2200097 4500
020
_a
9780727735249
100
_a
ICE
245
_a
Civil Engineering Procedure
250
_a
sixth edition
260
_b
Institution of Civil Engineers
_c
2009
999
_c
13491
_d
13491